000
003200000a22001210004500
005
20120302062725.0
942
_c
BOOK
100
_a
_a
_b
_c
245
_a
MULYADHISHTIT SHIKSHAN
260
_a
MAHARASHTRA RAJYA STARIYA MULYADHISHTIT SHIKSHAN PARISHAD ,2001
040
_a
MAR
650
_a
SANKIRNA / AHAWAL / SHIKSHAN
999
_c
357488
_d
357485